| 000 | 01200cam a2200301 4500 | ||
|---|---|---|---|
| 999 |
_c22323 _d22323 |
||
| 001 | 3122780 | ||
| 003 | BDDh-ASL | ||
| 005 | 20231015030122.0 | ||
| 008 | 690904s1968 nyua b 001 0 eng | ||
| 010 | _a 68056606 | ||
| 040 |
_aDLC _cDLC _dDLC _dBDDh-ASL |
||
| 050 | 0 | 0 |
_aQ127.I4 _bS34 |
| 082 | 0 | 0 |
_a954.509 _bSCI |
| 245 | 0 | 0 |
_aScience and the human condition in India and Pakistan / _cEdited by Ward Morehouse. |
| 260 |
_aNew York : _bRockefeller University Press, _c1968. |
||
| 300 |
_axvii, 230 p. : _billus. _c24 cm. |
||
| 500 | _a"Based on the proceedings of a conference sponsored by the Center for International Programs and Services ... University of the State of New York, and the Rockefeller University [May 5-7, 1966]" | ||
| 504 | _aBibliographical footnotes. | ||
| 650 | 0 |
_aScience _zIndia. |
|
| 650 | 0 |
_aScience _zPakistan. |
|
| 651 | 0 |
_aIndia _xEconomic conditions. |
|
| 651 | 0 |
_aPakistan _xEconomic conditions. |
|
| 700 | 1 |
_aMorehouse, Ward, _d1929- _eed. |
|
| 710 | 2 |
_aUniversity of the State of New York. _bCenter for International Programs and Services. |
|
| 710 | 2 | _aRockefeller University. | |
| 906 |
_a7 _bcbc _corignew _du _encip _f19 _gy-gencatlg |
||
| 942 |
_2ddc _cBK |
||